000 00439nam a2200145 i 4500
001 43197
003 ES-MaACL
005 20230906160740.0
007 t|
008 030317s1883 sp ||||1| spa d
245 0 0 _aCertamen Científico, Literario y Artístico en la ciudad de Pamplona
_b: 1883.
260 _aPamplona :
_b[s.n.],
_c1883 (
_fImp. y Librería de Joaquín Lorda)
300 _a93 p. ;
_c20 cm.
852 _aES-MaACL
_jT-369-F-11
999 _c43197
_d43197